LOTR: Gandalf - Statistics

General Stats
  • This quiz has been taken 101 times
    88 since last reset
  • The average score is 16 of 28
Answer Stats
Answer % Correct
Complete the speech of Gandalf at the bridge of Khazad-dûm. 'You cannot {pass}.
91%
You cannot {pass}.
91%
You cannot {pass}.'
91%
What color were his robes when he arrived in Middle-Earth? Grey
89%
Many are my names in many countries. ... among the Elves, Mithrandir
85%
Which demon did Gandalf face at the bridge of Khazad-dûm? Balrog
78%
Gandalf died, but was allowed to return as Gandalf the White. Where did he meet up again with Aragorn, Legolas and Gimli? Fangorn Forest
74%
He was a member of which order of five Maiar, sent to Middle-Earth in the Third Age. Istari
65%
During the Siege of Minas Tirith, Gandalf and Shadowfax were the only ones able to defy the mightiest of Sauron's servants at the broken gates of the city. Who was this? the Witch-king
65%
in the North ... ; to the East I go not. Gandalf
63%
At the Black Gate Gandalf parlayed with this emissary of Sauron. The Mouth of Sauron
62%
In what place did Gandalf discover Thrain, a map and key to Erebor and did he find out that Sauron had finally returned? Dol Guldur
60%
What was the name of Gandalf's sword, which he found in a Troll-hoard? Glamdring
60%
The actor who played Gandalf in Peter Jackson's trilogy Ian McKellen
58%
flame of {Udûn}.
58%
Go back to the {Shadow}!
58%
He served several of the Valar in Valinor. Name at least one. Manwë, Varda, Irmo, Nienna
58%
The {dark} fire will not avail you,
57%
Who brought Gandalf a message that he must seek out Saruman in Isengard, just before Frodo left the Shire on his quest. Radagast
55%
I am a servant of the {Secret Fire},
49%
What did he receive from Círdan the shipwright when he arrived in Mithlond? Narya
48%
Gandalf escaped from Isengard and went to Rohan. Here he was able to obtain his horse, Shadowfax, with which he formed a special bond. What was the name for this race of exceptional horses Mearas
46%
... I was in my youth in the West that is forgotten, Olórin
46%
wielder of the {flame of Anor}.
45%
...to the Dwarves; Tharkûn
28%
King Théoden of Rohan went to Helm's Deep where he was besieged by Saruman's Uruk-Hai. Who did Gandalf search for to break the siege (in the books)? Erkenbrand
22%
At weathertop Gandalf was assaulted by the Nazgûl. Afterwards he left a cryptic message to indicate that he was at weatherop on the 3rd of October. What was the message engraved in a rock? G3
20%
in the South ..., Incánus
15%
No matching quizzes found
Score Distribution
Percent of People with Each Score
Percentile by Number Answered
Your Score History
You have not taken this quiz since the last reset